Sacred Groves In India : An Overview (Record no. 18143)

MARC details
000 -LEADER
fixed length control field 00482nam a2200169Ia 4500
008 - FIXED-LENGTH DATA ELEMENTS--GENERAL INFORMATION
fixed length control field 220803s9999 xx 000 0 und d
020 ## - INTERNATIONAL STANDARD BOOK NUMBER
International Standard Book Number 81-7305-323-5
041 ## - LANGUAGE CODE
Language code of text/sound track or separate title eng
082 ## - DEWEY DECIMAL CLASSIFICATION NUMBER
Classification number 712 MAL/GOK
100 ## - MAIN ENTRY--PERSONAL NAME
Personal name Malhotra K C
9 (RLIN) 28752
245 ## - TITLE STATEMENT
Title Sacred Groves In India : An Overview
260 ## - PUBLICATION, DISTRIBUTION, ETC. (IMPRINT)
Place of publication, distribution, etc. Bhopal
Name of publisher, distributor, etc. Indira Gandhi Rashtriya Manav Sangrahalaya
Date of publication, distribution, etc. 2007
300 ## - PHYSICAL DESCRIPTION
Extent 170p
500 ## - GENERAL NOTE
Keywords BCUD
650 ## - SUBJECT ADDED ENTRY--TOPICAL TERM
Topical term or geographic name as entry element Landscape Architecture
9 (RLIN) 28753
700 ## - ADDED ENTRY--PERSONAL NAME
Personal name Gokhale Y Malhotra K C
9 (RLIN) 28754
Holdings
Withdrawn status Lost status Damaged status Not for loan Home library Current library Shelving location Date acquired Vendor Total Checkouts Full call number Barcode Date last seen Date last checked out Bill Date Koha item type Original Barcode
        Dr. Bhanuben Nanavati College of Architecture Dr. Bhanuben Nanavati College of Architecture   15/03/2012 Flipkart.com 1 712 MAL/GOK BNCA-DB-678 01/10/2024 27/09/2024 03/08/2022 Donated Book DB000678